सीक्रेट सबकॉन्शस माइंडचे-सबकॉन्शस माइंड जागृत करून हवे ते मिळवा (Record no. 1350829)

MARC details
000 -LEADER
fixed length control field 01083nam a2200181Ia 4500
008 - FIXED-LENGTH DATA ELEMENTS--GENERAL INFORMATION
fixed length control field 151202s9999||||xx |||||||||||||| ||und||
082 ## - DEWEY DECIMAL CLASSIFICATION NUMBER
Item number PNVM-91145
100 ## - MAIN ENTRY--PERSONAL NAME
Personal name गवाइन शक्ति/अनु-ठक्कर पुष्पा
245 ## - TITLE STATEMENT
Title सीक्रेट सबकॉन्शस माइंडचे-सबकॉन्शस माइंड जागृत करून हवे ते मिळवा
260 ## - PUBLICATION, DISTRIBUTION, ETC. (IMPRINT)
Name of publisher, distributor, etc साकेत
260 ## - PUBLICATION, DISTRIBUTION, ETC. (IMPRINT)
Date of publication, distribution, etc 2015
300 ## - PHYSICAL DESCRIPTION
Extent 184
600 ## - SUBJECT ADDED ENTRY--PERSONAL NAME
Personal name गवाइन शक्ति/अनु-ठक्कर पुष्पा
630 ## - SUBJECT ADDED ENTRY--UNIFORM TITLE
Uniform title सीक्रेट सबकॉन्शस माइंडचे-सबकॉन्शस माइंड जागृत करून हवे ते मिळवा
700 ## - ADDED ENTRY--PERSONAL NAME
Personal name गवाइन शक्ति/अनु-ठक्कर पुष्पा
730 ## - ADDED ENTRY--UNIFORM TITLE
Uniform title सीक्रेट सबकॉन्शस माइंडचे-सबकॉन्शस माइंड जागृत करून हवे ते मिळवा
942 ## - ADDED ENTRY ELEMENTS (KOHA)
Koha item type Book
Holdings
Withdrawn status Lost status Damaged status Not for loan Home library Current library Date acquired Cost, normal purchase price Total Checkouts Full call number Barcode Date last seen Cost, replacement price Price effective from Koha item type
        Pune Nagar Vachan Mandir, Pune Pune Nagar Vachan Mandir, Pune 09/26/2015 200.00   PNVM-91145 PNVM-91145 12/02/2015 200.00 12/02/2015 Book